| 000 | 009160am a22003010004500 | ||
|---|---|---|---|
| 008 | 011219r19991993enk 001 0 eng d | ||
| 010 | _a 2002489408 | ||
| 020 | _a0946621519 (pbk.) | ||
| 040 |
_aDLC _cDLC _dDLC _dGICUC |
||
| 042 | _apcc | ||
| 050 | 0 | 0 |
_aBP163 _b.N283 1999 |
| 092 | 0 | 4 |
_a210.909 _bN264 _221 |
| 099 |
_a04 _a210.909 N264 |
||
| 100 | 1 | _aNasr, Seyyed Hossein. | |
| 245 | 1 | 2 |
_aA young Muslim's guide to the modern world / _cSeyyed Hossein Nasr. |
| 260 |
_aCambridge : _bThe Islamic Texts Society, _c1999. |
||
| 300 |
_aix, 270 p. ; _c23 cm. |
||
| 500 | _aIncludes index. | ||
| 500 | _aOriginally published: Des Plaines, Ill. : Library of Islam , 1993. | ||
| 650 | 0 |
_aIslam _y20th century _xMiscellanea. |
|
| 650 | 0 |
_aMuslim youth _xConduct of life. |
|
| 650 | 4 | _aIslam. | |
| 650 | 4 | _aIslamic studies. | |
| 902 | _a2 | ||
| 905 |
_aAbeer _eCat |
||
| 905 |
_aGehan _eRev |
||
| 942 |
_2ddc _cBK |
||
| 999 |
_c105659 _d105659 |
||